00739nam a2200193 a 4500003000200000005001700002008004100019050003400060100002100094245008000115260009200195300004000287504004100327650004200368650002900410650004000439650003600479650003000515020250329100347.0050809s19uu xx 00 eng d aPGS GV 1469.3.P76b.B352 2005 aBarrios, Martin. aProfile of grade six students playing computer war games /cMartin Barrios. aLas Piñas City, Philippines : bSouthville International School and Colleges,c2005. a29 pages :billustrations ;c28 cm. aIncludes bibliographical references. aVideo gamesvPsychological aspects.  aViolence in video games. aWar gamesvPsychological aspects.  aComputer gamesvSocial aspects. aChildren and video games.